แสดงรายละเอียดบรรณานุกรม
  กลับหน้าหลัก

Brief Record : Get Marc (ISO 2709) : E-mail record : QR code ปิดหน้าต่าง
E-books : เกี่ยวกับ Collections
LEADER 00000nam 2200000uu 4500
008    130426s2555||||th 000 0 tha d
020    ^a9786169134886
041 0  ^atha
060  4 ^aวจ WA546 จ496ร 2555
100 0  ^aจิรพันธุ์ วิบูลย์วงศ์...[และคนอื่นๆ].
245 00 ^aรายงานผลการวิจัยเรื่อง การพัฒนาขีดความสามารถ อสม.นครบาล:การประสานราษฎร์ เชื่อมรัฐ ขจัดภัยสุขภาพ./^bจิรพันธุ์ วิบูลย์วงศ์...[และคนอื่นๆ].
260    ^aนนทบุรี : ^bกองสนับสนุนบริการสุขภาพ กรมสนับสนุนบริการสุขภาพ,^c2555
300    ^a352 หน้า :^bภาพประกอบ
650  0 ^aสาธารณสุข
650  0 ^aผู้นำชุมชน
650  0 ^aอาสาสมัครสาธารณสุข ^xวิจัย
700 0  ^aจิรพันธุ์ วิบูลย์วงศ์
700 0  ^aวิรุณศิริ อารยวงศ์
999    ^aใช้งานได้ทุกระบบ
รายการนี้ยังไม่มีแท็ก
คุณยังไม่ได้ล็อกอิน คุณสามารถมีกิจกรรมร่วมกับเว็บไซต์ได้ แต่ต้องล็อกอินก่อน ::
  ล็อกอิน
ลำดับที่ ประเภท เลขเรียก สถานที่ สถานะ
1. งานวิจัย
งานวิจัย
วจ WA546 จ496ร 2555  
  
หนังสือทั่วไป On Shelf
  ขอยืม
   [แสดง 1/1 รายการ]

รายการใกล้เคียง
    หัวเรื่อง [สาธารณสุข]
    หัวเรื่อง [ผู้นำชุมชน]
    หัวเรื่อง [อาสาสมัครสาธารณสุข วิจัย]

BibComment


ยังไม่เคยถูกคอมเมนท์

คอมเมนท์ทรัพยากรรายการนี้
  คอมเมนท์: รายงานผลการวิจัย..
Bib 208969

 
 
 

 Union Library Management : ULibM
Copyright 2026. All Rights Reserved.
скачать бесплатно без регистрации порно красивый секс HD Sex Hindi sex

xxx gou

xxxx

bfxxx

xxxwww

Секса Видео

xxxx

Секса Видео

detube

geilexxx

C99 Shell

worms shell

blod xxx video
Ebony Coed Rihanna Rimes Takes A Dick In Her Young Twat priyaa indian fuck anal and pusssy hardcore indian women xxx desi hardcore fucking part 1 bengalixxxcouple